000 01266cam a22003377a 4500
001 16891973
003 OSt
005 20150408114103.0
008 110727s2011 flua b 001 0 eng d
010 _a 2011283250
020 _a9781439861035
020 _a143986103X
035 _a(OCoLC)ocn663951790
040 _aBTCTA
_beng
_cBTCTA
_dYDXCP
_dYBM
_dCUV
_dVP@
_dDLC
042 _alccopycat
050 0 0 _aTA165
_b.D85 2011
082 _222
_bDPF
100 1 _aDunn, Patrick F.
_918298
245 1 0 _aFundamentals of sensors for engineering and science /
_cPatrick F. Dunn.
260 _aBoca Raton :
_bCRC Press,
_cc2011.
300 _axi, 98 p. :
_bill. ;
_c24 cm.
504 _aIncludes bibliographical references (p. 95-96) and index.
505 0 _aSensor fundamentals -- Sensors in engineering and science -- Human and biomimetic sensors.
650 0 _aDetectors.
_918299
650 0 _aBiosensors.
_916045
856 4 2 _3Contributor biographical information
_uhttp://www.loc.gov/catdir/enhancements/fy1114/2011283250-b.html
906 _a7
_bcbc
_ccopycat
_d2
_encip
_f20
_gy-gencatlg
936 _aPR 730034017
942 _2ddc
_cDVD
999 _c26427
_d260927